[Event "POR-chT"]
[Site "Porto"]
[Date "2013.08.18"]
[Round "1.2"]
[White "Valdes, Maritza"]
[Black "Silva, Flavio Artur Cardos"]
[Result "1/2-1/2"]
[WhiteElo "2081"]
[BlackElo "1930"]
[PlyCount "51"]
[EventDate "2013.08.18"]
[EventType "team-tourn"]
[EventRounds "9"]
[EventCountry "POR"]
[SourceTitle "CBM 156 Extra"]
[Source "ChessBase"]
[SourceDate "2013.10.22"]
[SourceVersion "1"]
[SourceVersionDate "2013.10.22"]
[SourceQuality "1"]
[WhiteTeam "Mata de Benfica"]
[BlackTeam "Ferroviarios do Barreiro"]
[WhiteTeamCountry "POR"]
[BlackTeamCountry "POR"]

1. e4 c5 2. Nc3 d6 3. g3 Nc6 4. Bg2 Nf6 5. d3 g6 6. Nge2 Bg7 7. 0-0 0-0 8. h3 Rb8 9. Be3 Nd7 10. Qd2 Re8 11. f4 Nd4 12. g4 b5 13. Ng3 Bb7 14. Nd1 b4 15. c3 bxc3 16. bxc3 Nb5 17. a4 Qa5 18. Ne2 Nb6 19. Ra2 Nc7 20. Nb2 f5 21. Rc1 c4 22. Ng3 cxd3 23. Qxd3 fxe4 24. Bxe4 Bxe4 25. Nxe4 Qd5 26. c4 1/2-1/2

[Event "EU-chT (Women) 2nd"]
[Site "Pula"]
[Date "1997.??.??"]
[Round "1"]
[White "Danielian, Elina"]
[Black "Valdes, Maritza"]
[Result "1-0"]
[WhiteElo "2345"]
[BlackElo "2120"]
[PlyCount "73"]
[EventDate "1997.05.05"]
[EventType "team-swiss"]
[EventRounds "9"]
[EventCountry "CRO"]
[SourceTitle "EXT 2020"]
[Source "ChessBase"]
[SourceDate "2019.10.17"]
[SourceVersion "1"]
[SourceVersionDate "2019.10.17"]
[SourceQuality "1"]
[WhiteTeam "Armenia (W)"]
[BlackTeam "Portugal (W)"]
[WhiteTeamCountry "ARM"]
[BlackTeamCountry "POR"]

1. d4 d5 2. Nf3 Nf6 3. Bf4 c6 4. e3 e6 5. Nbd2 Be7 6. Bd3 Nbd7 7. c3 b6 8. h4 c5 9. Ne5 Bb7 10. Qf3 Rc8 11. h5 h6 12. Qg3 Kf8 13. Ndf3 Nxe5 14. Nxe5 Nd7 15. Qg4 Nxe5 16. Bxe5 Bf6 17. f4 cxd4 18. exd4 Bxe5 19. fxe5 Qg5 20. Qh3 Ke7 21. 0-0 Rhg8 22. Rf3 f5 23. Raf1 Rcf8 24. Rg3 Qd2 25. Qh4+ Kd7 26. Bb5+ Bc6 27. Bxc6+ Kxc6 28. Qe7 Re8 29. Qxa7 Qe2 30. c4 dxc4 31. d5+ Kxd5 32. Qxb6 Rd8 33. Re3 Qxh5 34. b3 c3 35. Qb5+ Kd4 36. Rfe1 Rc8 37. Rd3# 1-0

[Event "EU-chT (Women) 2nd"]
[Site "Pula"]
[Date "1997.??.??"]
[Round "5"]
[White "Sziva, Erika"]
[Black "Valdes, Maritza"]
[Result "1-0"]
[WhiteElo "2275"]
[BlackElo "2120"]
[PlyCount "91"]
[EventDate "1997.05.05"]
[EventType "team-swiss"]
[EventRounds "9"]
[EventCountry "CRO"]
[SourceTitle "EXT 2020"]
[Source "ChessBase"]
[SourceDate "2019.10.17"]
[SourceVersion "1"]
[SourceVersionDate "2019.10.17"]
[SourceQuality "1"]
[WhiteTeam "Netherlands (W)"]
[BlackTeam "Portugal (W)"]
[WhiteTeamCountry "NED"]
[BlackTeamCountry "POR"]

1. e4 e5 2. Nf3 Nc6 3. Bb5 a6 4. Ba4 Nf6 5. 0-0 Bc5 6. Nxe5 Nxe5 7. d4 b5 8. Bb3 Bb7 9. dxc5 Qe7 10. Qd4 Nc6 11. Qd3 Qxe4 12. Qxe4+ Nxe4 13. Re1 Ne7 14. Bf4 Rc8 15. Be3 0-0 16. f3 Nf6 17. Bd4 Ned5 18. c4 bxc4 19. Bxc4 Nb4 20. Na3 Nfd5 21. Rad1 Rfe8 22. Rxe8+ Rxe8 23. Bc3 Bc6 24. Bd2 Kf8 25. Rc1 h6 26. Nb1 Bb5 27. a3 Bxc4 28. Rxc4 Nc6 29. Nc3 Nxc3 30. Bxc3 Re2 31. Kf1 Re6 32. Ra4 Ne5 33. c6 Nxc6 34. Rxa6 g6 35. Ra8+ Ke7 36. Bg7 d5 37. Bxh6 d4 38. Ra4 d3 39. Rc4 f6 40. Bd2 Kd7 41. Rc3 Rd6 42. Ke1 g5 43. Be3 Ne5 44. Kd2 Rd5 45. f4 Ng4 46. Rxd3 1-0

[Event "Lisbon Honra"]
[Site "Lisbon"]
[Date "1997.??.??"]
[Round "3"]
[White "Valdes, Maritza"]
[Black "Dantas, Carlos"]
[Result "1/2-1/2"]
[WhiteElo "2120"]
[BlackElo "2165"]
[PlyCount "55"]
[EventDate "1997.??.??"]
[EventType "tourn"]
[EventRounds "9"]
[EventCountry "POR"]
[SourceTitle "EXT 1998"]
[Source "ChessBase"]
[SourceDate "1997.11.17"]
[SourceVersion "1"]
[SourceVersionDate "1997.11.17"]
[SourceQuality "1"]

1. e4 e5 2. Nf3 Nc6 3. Bc4 Nf6 4. d3 Bc5 5. c3 d6 6. b4 Bb6 7. a4 a5 8. b5 Ne7 9. Nbd2 Ng6 10. Nf1 0-0 11. Ng3 Bg4 12. Bg5 h6 13. Bxf6 Qxf6 14. h3 Bxf3 15. Qxf3 Qxf3 16. gxf3 Nf4 17. Nf5 g6 18. Ne7+ Kg7 19. Nd5 g5 20. Nxf4 gxf4 21. Ke2 Rg8 22. Rag1+ Kf6 23. Kf1 Rac8 24. Rxg8 Rxg8 25. Rg1 Rc8 26. Ke2 Rb8 27. Ba2 Rc8 28. Bc4 1/2-1/2

[Event "Lisbon Honra"]
[Site "Lisbon"]
[Date "1997.??.??"]
[Round "9"]
[White "Valdes, Maritza"]
[Black "Peixoto, Antonio Pedro B Dua"]
[Result "1/2-1/2"]
[WhiteElo "2120"]
[BlackElo "2185"]
[PlyCount "115"]
[EventDate "1997.??.??"]
[EventType "tourn"]
[EventRounds "9"]
[EventCountry "POR"]
[SourceTitle "EXT 1998"]
[Source "ChessBase"]
[SourceDate "1997.11.17"]
[SourceVersion "1"]
[SourceVersionDate "1997.11.17"]
[SourceQuality "1"]

1. e4 c6 2. d4 d5 3. exd5 cxd5 4. Bd3 Nc6 5. c3 Qc7 6. Qc2 g6 7. Nf3 Bg4 8. Nbd2 e6 9. 0-0 Bg7 10. Re1 Nge7 11. h3 Bf5 12. Nf1 0-0 13. Bxf5 gxf5 14. Qe2 Nc8 15. Ng3 Qe7 16. Nh5 Bf6 17. Bh6 Re8 18. Qd3 Nd6 19. Ne5 Kh8 20. Bf4 Bxe5 21. Bxe5+ Nxe5 22. dxe5 Ne4 23. f3 Nc5 24. Qd4 Nd7 25. Nf6 Nxf6 26. exf6 Qc7 27. Re5 Rg8 28. g4 Rg6 29. Kg2 Rag8 30. Rg1 fxg4 31. hxg4 Qd8 32. Kf2 Qxf6 33. g5 Qg7 34. f4 b6 35. Rh1 Rc8 36. b3 Kg8 37. Rh6 Rc5 38. Kf3 Rc8 39. Kf2 Qf8 40. Rxg6+ hxg6 41. Ke3 Qc5 42. Qxc5 bxc5 43. Kd3 Kf8 44. Re1 Ke7 45. Rh1 Rc6 46. Rh8 Rc7 47. Ke3 Kd6 48. Rd8+ Rd7 49. Re8 Kc6 50. Rc8+ Kb6 51. Rb8+ Rb7 52. Rc8 Kb5 53. Kd3 a5 54. a4+ Kb6 55. Ra8 Kc6 56. Kc2 Kb6 57. Kd3 Re7 58. Rb8+ 1/2-1/2

[Event "Capablanca Memorial-D"]
[Site "Matanzas"]
[Date "1994.??.??"]
[Round "3"]
[White "Blanco Fernandez, Alvaro"]
[Black "Valdes, Maritza"]
[Result "1-0"]
[WhiteElo "2345"]
[BlackElo "2135"]
[PlyCount "87"]
[EventDate "1994.??.??"]
[EventType "tourn"]
[EventRounds "13"]
[EventCountry "CUB"]
[SourceTitle "EXT 2003"]
[Source "ChessBase"]
[SourceDate "2002.11.25"]
[SourceVersion "1"]
[SourceVersionDate "2002.11.25"]
[SourceQuality "1"]

1. c4 Nf6 2. Nc3 d6 3. g3 Nbd7 4. Bg2 e5 5. d3 Be7 6. Rb1 c6 7. b4 Qc7 8. e4 a5 9. a3 0-0 10. Nge2 axb4 11. axb4 Re8 12. 0-0 Nf8 13. h3 Be6 14. Be3 N6d7 15. g4 Reb8 16. Qd2 Ra3 17. Ra1 Raa8 18. Rfc1 Qd8 19. Ng3 g6 20. Nd5 cxd5 21. exd5 Rxa1 22. Rxa1 b6 23. dxe6 Nxe6 24. Ra7 Rc8 25. Rb7 Rb8 26. Ra7 Rc8 27. Qa2 Rc7 28. Ne4 Rxa7 29. Qxa7 Nf4 30. Bxf4 exf4 31. d4 Nf6 32. Nc3 d5 33. c5 bxc5 34. bxc5 Bf8 35. Qb7 Qa5 36. Qb2 Ne4 37. Nxd5 Qe1+ 38. Kh2 Nxf2 39. Qc3 Qxc3 40. Nxc3 Nd3 41. c6 f3 42. Nb5 Bh6 43. Bxf3 Bf4+ 44. Kg1 1-0

[Event "Capablanca Memorial-D"]
[Site "Matanzas"]
[Date "1994.??.??"]
[Round "8"]
[White "Delgado Crespo, Mairelys"]
[Black "Valdes, Maritza"]
[Result "1/2-1/2"]
[WhiteElo "2130"]
[BlackElo "2135"]
[PlyCount "48"]
[EventDate "1994.??.??"]
[EventType "tourn"]
[EventRounds "13"]
[EventCountry "CUB"]
[SourceTitle "EXT 2003"]
[Source "ChessBase"]
[SourceDate "2002.11.25"]
[SourceVersion "1"]
[SourceVersionDate "2002.11.25"]
[SourceQuality "1"]

1. e4 e5 2. Nf3 d6 3. d4 Nf6 4. dxe5 Nxe4 5. Qd5 Nc5 6. Bg5 Qd7 7. exd6 Qxd6 8. Nc3 Qxd5 9. Nxd5 Bd6 10. 0-0-0 Ne6 11. Bh4 Nc6 12. Bg3 Bxg3 13. hxg3 Bd7 14. Bb5 a6 15. Ba4 b5 16. Bb3 0-0-0 17. c3 h6 18. Bc2 Rhe8 19. Nh4 Nc5 20. Nf5 Bxf5 21. Bxf5+ Kb7 22. Ne3 Ne5 23. Rxd8 Rxd8 24. Rd1 Rxd1+ 1/2-1/2

[Event "Havana Mora Memorial 9th"]
[Site "Havana"]
[Date "1989.10.??"]
[Round "12"]
[White "Leon, Eumelia"]
[Black "Valdes, Maritza"]
[Result "0-1"]
[WhiteElo "2060"]
[BlackElo "2070"]
[PlyCount "52"]
[EventDate "1989.10.09"]
[EventType "tourn"]
[EventRounds "13"]
[EventCountry "CUB"]
[SourceTitle "EXT 2024"]
[Source "ChessBase"]
[SourceDate "2023.10.10"]
[SourceVersion "1"]
[SourceVersionDate "2023.10.10"]
[SourceQuality "1"]

1. d4 Nf6 2. Nf3 g6 3. c4 d6 4. Nc3 Bg7 5. e4 0-0 6. Be2 Nbd7 7. 0-0 e5 8. d5 Nc5 9. Qc2 a5 10. Bg5 h6 11. Bxf6 Bxf6 12. b3 Bg7 13. a3 f5 14. Nd2 f4 15. Rab1 g5 16. b4 Nd7 17. b5 b6 18. h3 Nf6 19. f3 Qe8 20. Nd1 Qg6 21. Nf2 h5 22. Rfe1 Bd7 23. Rb3 Kf7 24. Nf1 g4 25. hxg4 hxg4 26. fxg4 Rh8 0-1

[Event "Capablanca Memorial (Women)"]
[Site "Havana"]
[Date "1986.05.24"]
[Round "5"]
[White "Ioseliani, Nana"]
[Black "Valdes, Maritza"]
[Result "1-0"]
[WhiteElo "2325"]
[BlackElo "1975"]
[PlyCount "61"]
[EventDate "1986.05.20"]
[EventType "tourn"]
[EventRounds "11"]
[EventCountry "CUB"]
[SourceTitle "EXT 2012"]
[Source "ChessBase"]
[SourceDate "2011.11.24"]
[SourceVersion "1"]
[SourceVersionDate "2011.11.24"]
[SourceQuality "1"]

1. e4 e5 2. Nf3 Nc6 3. Bb5 a6 4. Ba4 Nf6 5. 0-0 Be7 6. Re1 b5 7. Bb3 0-0 8. a4 Bb7 9. d3 d6 10. Bd2 h6 11. Nc3 b4 12. Nd5 a5 13. c3 bxc3 14. bxc3 Re8 15. Rb1 Ba6 16. Qc2 Qd7 17. d4 Reb8 18. Rbd1 exd4 19. cxd4 Nxd5 20. Bxd5 Bb7 21. Qc4 Nd8 22. Bxb7 Rxb7 23. Rb1 c6 24. d5 Rc8 25. Rxb7 Nxb7 26. Rc1 Nc5 27. Nd4 cxd5 28. exd5 Bd8 29. Nc6 Qf5 30. Be3 Ra8 31. Bxc5 1-0

[Event "Capablanca Memorial (Women)"]
[Site "Havana"]
[Date "1986.05.21"]
[Round "2"]
[White "Valdes, Maritza"]
[Black "Palao, Maricela"]
[Result "0-1"]
[WhiteElo "1975"]
[BlackElo "2030"]
[PlyCount "118"]
[EventDate "1986.05.20"]
[EventType "tourn"]
[EventRounds "11"]
[EventCountry "CUB"]
[SourceTitle "EXT 2012"]
[Source "ChessBase"]
[SourceDate "2011.11.24"]
[SourceVersion "1"]
[SourceVersionDate "2011.11.24"]
[SourceQuality "1"]

1. e4 c5 2. Nf3 d6 3. d4 cxd4 4. Nxd4 Nf6 5. Nc3 a6 6. Bc4 e6 7. Bb3 Be7 8. Qf3 Nbd7 9. Qg3 Nc5 10. 0-0 0-0 11. Bh6 Ne8 12. Bd2 Kh8 13. f4 Nf6 14. Qf3 e5 15. Nde2 Bg4 16. Qe3 b5 17. Bd5 Rb8 18. Nd1 Qb6 19. Nf2 Ncxe4 20. Bxe4 Qxe3 21. Bxe3 Bxe2 22. Rfe1 Bc4 23. fxe5 dxe5 24. Bf3 Nd5 25. b3 Nxe3 26. Rxe3 Be6 27. Rxe5 Bf6 28. Rae1 Bxe5 29. Rxe5 Rbc8 30. Re2 Bf5 31. Nd3 f6 32. Kf2 Rfe8 33. Rd2 Rc3 34. Bb7 a5 35. g3 h6 36. h4 Re7 37. Ba6 Rec7 38. Bxb5 Rxc2 39. Ke2 Re7+ 40. Kd1 Rxd2+ 41. Kxd2 Rb7 42. Bc4 Rd7 43. Ke3 Bxd3 44. Bxd3 Rc7 45. h5 Kg8 46. a3 Rb7 47. Bc4+ Kf8 48. Kf4 Rc7 49. g4 a4 50. Kf5 Rc5+ 51. Ke4 axb3 52. Bxb3 Rc3 53. Be6 Ke7 54. Bf5 Rxa3 55. Bc8 Rc3 56. Bf5 Rc4+ 57. Kd5 Ra4 58. Kc6 Ra5 59. Bc8 f5 0-1

[Event "Capablanca Memorial (Women)"]
[Site "Havana"]
[Date "1986.05.20"]
[Round "1"]
[White "Hernandez Alvarez, Tania Regla"]
[Black "Valdes, Maritza"]
[Result "1/2-1/2"]
[WhiteElo "2040"]
[BlackElo "1975"]
[PlyCount "84"]
[EventDate "1986.05.20"]
[EventType "tourn"]
[EventRounds "11"]
[EventCountry "CUB"]
[SourceTitle "EXT 2012"]
[Source "ChessBase"]
[SourceDate "2011.11.24"]
[SourceVersion "1"]
[SourceVersionDate "2011.11.24"]
[SourceQuality "1"]

1. e4 e5 2. Nf3 d6 3. d4 Nf6 4. Nc3 Nbd7 5. Bc4 Be7 6. 0-0 0-0 7. h3 c6 8. dxe5 dxe5 9. a3 Qc7 10. Bg5 Nc5 11. Re1 Be6 12. Qe2 Bxc4 13. Qxc4 Ne6 14. Rad1 Rfd8 15. Be3 h6 16. Nh4 Ng4 17. hxg4 Bxh4 18. g3 Be7 19. Kg2 Rxd1 20. Rxd1 Rd8 21. Rxd8+ Bxd8 22. Qd3 b6 23. f3 Be7 24. Nb1 Qd6 25. Qxd6 Bxd6 26. Nd2 f6 27. Nc4 Bc7 28. a4 b5 29. axb5 cxb5 30. Nd2 a6 31. Kf2 Kf7 32. Nb3 Ke7 33. Ke2 Kd7 34. Nc5+ Nxc5 35. Bxc5 Bd6 36. Bxd6 Kxd6 37. b4 Ke6 38. Kd3 Kd6 39. c4 bxc4+ 40. Kxc4 Kc6 41. Kc3 Kb5 42. Kb3 g5 1/2-1/2